Akcie a dlhopisy z pohľadu porovnania práv ich majiteľov
Práva majiteľov dlhopisov a akcií.
Saved in:
| Main Author: | |
|---|---|
| Format: | Book Chapter |
| Language: | Slovak |
| Subjects: | |
| Tags: |
No Tags, Be the first to tag this record!
|
MARC
| LEADER | 00000nla a2200000 4500 | ||
|---|---|---|---|
| 001 | 0160006 | ||
| 005 | 20240502072757.4 | ||
| 041 | 0 | |a slo | |
| 044 | |a SK | ||
| 245 | 1 | 0 | |a Akcie a dlhopisy z pohľadu porovnania práv ich majiteľov |c Dušan Holub |
| 520 | |a Práva majiteľov dlhopisov a akcií. | ||
| 610 | 2 | 0 | |a trh kapitálový |
| 610 | 2 | 0 | |a papiere cenné |
| 610 | 2 | 0 | |a dlhopisy |
| 610 | 2 | 0 | |a akcie |
| 610 | 2 | 0 | |a spoločnosti akciové |
| 610 | 2 | 0 | |a právo obchodné |
| 100 | 1 | |a Holub, Dušan | |